| 000 | 01947nam a22004817a 4500 | ||
|---|---|---|---|
| 003 | CHAP | ||
| 005 | 20220817041632.0 | ||
| 008 | 971013s1976 r 00010 d | ||
| 010 | _a20359 | ||
| 011 | _a21331 | ||
| 035 | _a25421 | ||
| 040 | _cCHAP | ||
| 082 |
_a629.83 _bD5Y |
||
| 100 | 0 | 0 |
_aDistefano, Joseph J. _932744 |
| 245 | _aTeoría y problemas de retroalimentación y sistemas de control | ||
| 260 |
_aMéxico, D.F. : _bMcGraw-Hill, _c1976 |
||
| 300 | _a372 p. | ||
| 490 | _aSerie de Compendios Schaum | ||
| 590 |
_aBATCH-UPD _b10 _c20130109 _lUCH01 _h2343 |
||
| 590 |
_aBATCH-UPD _b10 _c20130110 _lUCH01 _h0229 |
||
| 590 |
_aBATCH-UPD _b10 _c20130110 _lUCH01 _h1944 |
||
| 590 |
_aBATCH-UPD _b10 _c20130409 _lUCH01 _h1912 |
||
| 590 |
_aBATCH-UPD _b10 _c20130410 _lUCH01 _h1307 |
||
| 590 |
_aBATCH-UPD _b10 _c20130914 _lUCH01 _h1039 |
||
| 590 |
_aCONVERSION _b10 _c20130109 _lUCH01 _h1312 |
||
| 650 | 1 | 4 |
_aControl automático. _927578 |
| 650 | 1 | 4 |
_aServomecanismo. _9105352 |
| 650 | 1 | 4 |
_aSistemas de control por retroalimentación. _9106744 |
| 700 | 0 |
_aStubberud, Allen R. _9110044 |
|
| 700 | 0 |
_aWilliams, Ivan J. _9122061 |
|
| 830 | 0 | _aSerie de Compendios Schaum | |
| 901 | _aBK | ||
| 942 | _cLIBRO | ||
| 949 |
_a629.83 D5Y _bBC _cLIBRO _d33724000026571 _eLIBRO _fc.7 _h45488 _i25421 _si |
||
| 949 |
_a629.83 D5Y _bBC _cLIBRO _d33724000026613 _eLIBRO _h41282 _i25421 _si |
||
| 949 |
_a629.83 D5Y _bBC _cLIBRO _d33724000026621 _eLIBRO _fc.2 _h41283 _i25421 _si |
||
| 949 |
_a629.83 D5Y _bBC _cLIBRO _d33724000026639 _eLIBRO _fc.3 _h41284 _i25421 _si |
||
| 949 |
_a629.83 D5Y _bBC _cLIBRO _d33724000026647 _eLIBRO _fc.4 _h41285 _i25421 _si |
||
| 949 |
_a629.83 D5Y _bBC _cLIBRO _d33724000026654 _eLIBRO _fc.9 _h64424 _i25421 _si |
||
| 949 |
_a629.83 D5Y _bBC _cLIBRO _d33724000026662 _eLIBRO _fc.8 _h64423 _i25421 _si |
||
| 949 |
_a629.83 D5Y _bBC _cLIBRO _d33724000490330 _eLIBRO _fc.6 _h45487 _i25421 _si |
||
| 949 |
_a629.83 D5Y _bBC _cLIBRO _d33724000490348 _eLIBRO _fc.5 _h41286 _i25421 _si |
||
| 999 |
_c20359 _d20359 |
||